[Event "Suwalki Warakomska Memorial op 3rd"]
[Site "Suwalki"]
[Date "2019.08.10"]
[Round "7"]
[White "Dzhuguryan, Tygran"]
[Black "Czerw, Dawid"]
[Result "1/2-1/2"]
[WhiteElo "2229"]
[BlackElo "2281"]
[PlyCount "85"]
[EventDate "2019.08.05"]
[EventType "swiss"]
[EventRounds "9"]
[EventCountry "POL"]
[SourceTitle "CBM 191 Extra"]
[Source "ChessBase"]
[SourceDate "2019.09.30"]
[SourceVersion "1"]
[SourceVersionDate "2019.09.30"]
[SourceQuality "1"]

1. d4 Nf6 2. c4 e6 3. Nc3 Bb4 4. Qc2 d5 5. cxd5 Qxd5 6. Nf3 Qf5 7. Qxf5 exf5 8. a3 Be7 9. Bf4 c6 10. e3 Be6 11. Bd3 h6 12. h3 Nbd7 13. Ne5 Nxe5 14. Bxe5 0-0 15. 0-0 Rfd8 16. Rfd1 Rac8 17. b4 Nd7 18. Bh2 Nb6 19. Rdc1 g5 20. Rab1 f4 21. Ne4 Nd5 22. Re1 b6 23. Nd2 a5 24. bxa5 bxa5 25. Nc4 c5 26. Nxa5 cxd4 27. exf4 Nxf4 28. Bxf4 gxf4 29. Bc4 d3 30. Rxe6 fxe6 31. Bxe6+ Kf8 32. Bxc8 Rxc8 33. Nb3 Bxa3 34. Rd1 Rd8 35. Kf1 Kf7 36. Nc1 Bxc1 37. Rxc1 Kf6 38. Rc6+ Ke5 39. Ke1 Ra8 40. Kd2 Ra2+ 41. Kxd3 Rxf2 42. Rxh6 Rxg2 43. Rh5+ 1/2-1/2

[Event "Suwalki Warakomska Memorial op 3rd"]
[Site "Suwalki"]
[Date "2019.08.09"]
[Round "6"]
[White "Efroimski, Marsel"]
[Black "Dzhuguryan, Tygran"]
[Result "1-0"]
[WhiteElo "2318"]
[BlackElo "2229"]
[PlyCount "59"]
[EventDate "2019.08.05"]
[EventType "swiss"]
[EventRounds "9"]
[EventCountry "POL"]
[SourceTitle "CBM 191 Extra"]
[Source "ChessBase"]
[SourceDate "2019.09.30"]
[SourceVersion "1"]
[SourceVersionDate "2019.09.30"]
[SourceQuality "1"]

1. e4 c6 2. d4 d5 3. Nd2 dxe4 4. Nxe4 Nd7 5. Bc4 Ngf6 6. Ng5 e6 7. Qe2 Nb6 8. Bd3 h6 9. N5f3 c5 10. dxc5 Bxc5 11. Ne5 0-0 12. Ngf3 Nbd5 13. a3 Nd7 14. Bd2 Nxe5 15. Nxe5 Qe7 16. 0-0-0 Rd8 17. Kb1 Bd7 18. g4 Bc6 19. h4 Bd4 20. g5 Bxe5 21. Qxe5 h5 22. g6 Nf6 23. Rhg1 Rd5 24. Qg3 Rad8 25. Rde1 Rd4 26. Bb4 Qd7 27. Qg5 Rg4 28. Rxg4 hxg4 29. Bc3 Nd5 30. gxf7+ 1-0

[Event "Suwalki Warakomska Memorial op 3rd"]
[Site "Suwalki"]
[Date "2019.08.07"]
[Round "4"]
[White "Punin, Andrii"]
[Black "Dzhuguryan, Tygran"]
[Result "1/2-1/2"]
[WhiteElo "2342"]
[BlackElo "2229"]
[PlyCount "77"]
[EventDate "2019.08.05"]
[EventType "swiss"]
[EventRounds "9"]
[EventCountry "POL"]
[SourceTitle "CBM 191 Extra"]
[Source "ChessBase"]
[SourceDate "2019.09.30"]
[SourceVersion "1"]
[SourceVersionDate "2019.09.30"]
[SourceQuality "1"]

1. e4 c5 2. Nf3 Nc6 3. Bb5 g6 4. 0-0 Bg7 5. Re1 e5 6. Bxc6 dxc6 7. d3 Qe7 8. Nbd2 Nf6 9. a3 0-0 10. b4 Nd7 11. Nb3 h6 12. Nxc5 Nxc5 13. bxc5 Qxc5 14. a4 Re8 15. Nd2 Be6 16. a5 Qe7 17. Ba3 Qc7 18. Bc5 b6 19. axb6 axb6 20. Be3 b5 21. Qb1 Bf8 22. Qb2 Ra4 23. Nb3 Rea8 24. Nc5 Bxc5 25. Bxc5 Ra2 26. Rxa2 Rxa2 27. Qc3 g5 28. Ra1 Rxa1+ 29. Qxa1 Kg7 30. f3 h5 31. g3 Kg6 32. Kf2 f6 33. Ke3 Qd7 34. Qa8 Qc8 35. Qa7 Qd7 36. Qb8 Qc8 37. Qd6 Qd7 38. Qf8 Qc8 39. Qxc8 1/2-1/2

[Event "Police Gniota Memorial 34th"]
[Site "Police"]
[Date "2019.07.16"]
[Round "7"]
[White "Licznerski, Lukasz"]
[Black "Dzhuguryan, Tygran"]
[Result "1/2-1/2"]
[WhiteElo "2328"]
[BlackElo "2230"]
[PlyCount "159"]
[EventDate "2019.07.10"]
[EventType "swiss"]
[EventRounds "9"]
[EventCountry "POL"]
[SourceTitle "EXT 2020"]
[Source "ChessBase"]
[SourceDate "2019.10.17"]
[SourceVersion "1"]
[SourceVersionDate "2019.10.17"]
[SourceQuality "1"]

1. e4 c6 2. d4 d5 3. Nc3 g6 4. h3 Bg7 5. Nf3 Nf6 6. e5 Ne4 7. Bd3 Nxc3 8. bxc3 c5 9. 0-0 c4 10. Be2 0-0 11. Nh4 f6 12. f4 fxe5 13. fxe5 Nc6 14. Rxf8+ Qxf8 15. Be3 Bh6 16. Qd2 Bxe3+ 17. Qxe3 Be6 18. Qg5 Qg7 19. Rb1 Nd8 20. Bg4 Bxg4 21. Qxg4 Qf7 22. Nf3 Kg7 23. Qh4 h6 24. Nh2 Qe6 25. Ng4 h5 26. Ne3 b6 27. Rb5 Nf7 28. Rxd5 Rf8 29. Rb5 Nd6 30. Rb1 Nf5 31. Nxf5+ Qxf5 32. Qxe7+ Rf7 33. Qh4 Qxc2 34. Re1 Qxc3 35. d5 Rf4 36. Qxf4 Qxe1+ 37. Kh2 c3 38. Qf6+ Kh7 39. Qf7+ Kh6 40. Qf4+ Kh7 41. e6 c2 42. Qc7+ Kh6 43. Qxc2 Qe5+ 44. Kh1 Qxd5 45. Qe2 Qd8 46. e7 Qe8 47. Qe5 Kh7 48. g4 hxg4 49. hxg4 Kg8 50. Qe6+ Kg7 51. g5 b5 52. Kg2 b4 53. Kf3 Qf7+ 54. Qf6+ Kg8 55. Ke3 a5 56. Qe5 Qe8 57. Qe6+ Kg7 58. Kd4 a4 59. Kc4 b3 60. axb3 axb3 61. Kxb3 Qb5+ 62. Kc3 Qc5+ 63. Kd3 Qb5+ 64. Kd4 Qb4+ 65. Kd3 Qa3+ 66. Ke2 Qb2+ 67. Kf3 Qc3+ 68. Qe3 Qc6+ 69. Qe4 Qc3+ 70. Kg2 Qd2+ 71. Kh3 Qd7+ 72. Kh4 Kf7 73. Qf4+ Kxe7 74. Qf6+ Ke8 75. Qxg6+ Kf8 76. Qf6+ Kg8 77. Qg6+ Kh8 78. Qf6+ Kg8 79. g6 Qc7 80. Qf7+ 1/2-1/2

[Event "Police Gniota Memorial 34th"]
[Site "Police"]
[Date "2019.07.11"]
[Round "2"]
[White "Shishkin, Vadim"]
[Black "Dzhuguryan, Tygran"]
[Result "1-0"]
[WhiteElo "2457"]
[BlackElo "2230"]
[PlyCount "49"]
[EventDate "2019.07.10"]
[EventType "swiss"]
[EventRounds "9"]
[EventCountry "POL"]
[SourceTitle "EXT 2020"]
[Source "ChessBase"]
[SourceDate "2019.10.17"]
[SourceVersion "1"]
[SourceVersionDate "2019.10.17"]
[SourceQuality "1"]

1. d4 Nf6 2. c4 e6 3. Nc3 Bb4 4. Nf3 0-0 5. Bg5 c5 6. Rc1 h6 7. Bh4 cxd4 8. Nxd4 Nc6 9. e3 d5 10. cxd5 exd5 11. Be2 g5 12. Bg3 Ne4 13. 0-0 Bxc3 14. bxc3 Qf6 15. Bf3 Nxd4 16. cxd4 Bf5 17. Rc7 Qb6 18. Bxe4 Bxe4 19. f3 Bf5 20. Rc5 Be6 21. f4 Qd8 22. f5 b6 23. Rc6 Qe8 24. Rd6 Bc8 25. Rxh6 1-0

[Event "Suwalki Warakomska Memorial-A op"]
[Site "Suwalki"]
[Date "2018.08.06"]
[Round "7"]
[White "Cukrowski, Filip"]
[Black "Dzhuguryan, Tygran"]
[Result "1/2-1/2"]
[WhiteElo "2401"]
[BlackElo "2178"]
[PlyCount "73"]
[EventDate "2018.08.01"]
[EventType "swiss"]
[EventRounds "9"]
[EventCountry "POL"]
[SourceTitle "CBM 185 Extra"]
[Source "ChessBase"]
[SourceDate "2018.07.29"]
[SourceVersion "1"]
[SourceVersionDate "2018.07.29"]
[SourceQuality "1"]
[WhiteTeam "Poland"]
[BlackTeam "Poland"]
[WhiteTeamCountry "POL"]
[BlackTeamCountry "POL"]

1. e4 c6 2. d4 g6 3. Nf3 Bg7 4. c3 Nf6 5. Nbd2 0-0 6. Bd3 d6 7. 0-0 Nbd7 8. Qe2 Nh5 9. Nc4 b5 10. Na3 e5 11. d5 cxd5 12. Bxb5 dxe4 13. Qxe4 Rb8 14. Bg5 Ndf6 15. Qe3 Qc7 16. Rad1 h6 17. Bxf6 Nxf6 18. h3 Be6 19. c4 a6 20. Bxa6 Rxb2 21. Rb1 Rxb1 22. Rxb1 Ra8 23. Bb5 Nd7 24. Bxd7 Qxd7 25. Rb6 Bf8 26. Nd2 d5 27. c5 Qa4 28. Nb5 Qd1+ 29. Kh2 Bxc5 30. Qxc5 Qxd2 31. Nc7 Rc8 32. Rc6 Rf8 33. Nxe6 fxe6 34. Rxe6 Qxf2 35. Qxf2 Rxf2 36. Rxe5 Rxa2 37. Rxd5 1/2-1/2

[Event "Suwalki Warakomska Memorial-A op"]
[Site "Suwalki"]
[Date "2018.08.04"]
[Round "5"]
[White "Karthik, Venkataraman"]
[Black "Dzhuguryan, Tygran"]
[Result "1/2-1/2"]
[WhiteElo "2514"]
[BlackElo "2178"]
[PlyCount "99"]
[EventDate "2018.08.01"]
[EventType "swiss"]
[EventRounds "9"]
[EventCountry "POL"]
[SourceTitle "CBM 185 Extra"]
[Source "ChessBase"]
[SourceDate "2018.07.29"]
[SourceVersion "1"]
[SourceVersionDate "2018.07.29"]
[SourceQuality "1"]

1. e4 c6 2. d4 d5 3. e5 Bf5 4. Nf3 e6 5. Be2 Nd7 6. 0-0 h6 7. c3 Ne7 8. a4 Nc8 9. a5 a6 10. b4 Be7 11. Nbd2 0-0 12. Ne1 f6 13. f4 fxe5 14. fxe5 Bg6 15. Ndf3 Na7 16. Nd3 Nb5 17. Qe1 Qe8 18. h3 Be4 19. Be3 Kh8 20. Rc1 Nc7 21. Nf4 g5 22. Nd3 Qg6 23. Nf2 Bf5 24. Qd1 Qh7 25. Qd2 Rg8 26. g4 Bg6 27. Nh1 Raf8 28. Ng3 Nb5 29. Rf2 Rf7 30. Rcf1 Kg7 31. Rh2 Kf8 32. h4 gxh4 33. Nxh4 Rxf1+ 34. Kxf1 Ke8 35. Nxg6 Qxg6 36. Rxh6 Qb1+ 37. Kg2 Qa1 38. Rxe6 Nf8 39. Rxe7+ Kxe7 40. Bg5+ Ke8 41. Nh5 Qxc3 42. Nf6+ Kf7 43. Nxg8 Kxg8 44. Qf4 Qxd4 45. Qf5 Qxb4 46. Bf6 Qd2 47. Kh3 Nd4 48. Qh5 Qe3+ 49. Kh4 Qf2+ 50. Kh3 1/2-1/2

[Event "Suwalki Warakomska Memorial-A op"]
[Site "Suwalki"]
[Date "2018.08.02"]
[Round "2"]
[White "Dzhuguryan, Tygran"]
[Black "Koziak, Vitali"]
[Result "1/2-1/2"]
[WhiteElo "2178"]
[BlackElo "2473"]
[PlyCount "82"]
[EventDate "2018.08.01"]
[EventType "swiss"]
[EventRounds "9"]
[EventCountry "POL"]
[SourceTitle "CBM 185 Extra"]
[Source "ChessBase"]
[SourceDate "2018.07.29"]
[SourceVersion "1"]
[SourceVersionDate "2018.07.29"]
[SourceQuality "1"]

1. d4 d5 2. c4 e6 3. cxd5 exd5 4. Nc3 c6 5. Bf4 Qb6 6. Qd2 Nf6 7. f3 Bf5 8. g4 Be6 9. e3 Nbd7 10. Rc1 Be7 11. Bd3 0-0 12. Nge2 Rfc8 13. Kf2 Qd8 14. Kg2 c5 15. Bb1 Nf8 16. dxc5 Rxc5 17. Na4 Rxc1 18. Rxc1 Rc8 19. Rxc8 Qxc8 20. Qc2 Qc4 21. b3 Qxc2 22. Bxc2 N8d7 23. Nd4 a6 24. Nb2 g6 25. Nd3 Kf8 26. Ne5 Ke8 27. Kf1 Nxe5 28. Bxe5 Nd7 29. Bc7 Nc5 30. b4 Nd7 31. a3 Bf6 32. Ke2 Ne5 33. g5 Bg7 34. Bxe5 Bxe5 35. f4 Bxd4 36. exd4 f5 37. a4 b5 38. axb5 axb5 39. Bd3 Bd7 40. h4 Ke7 41. Kf3 Kd6 1/2-1/2

[Event "Suwalki Warakomska Memorial-A op"]
[Site "Suwalki"]
[Date "2018.08.01"]
[Round "1"]
[White "Kashlinskaya, Alina"]
[Black "Dzhuguryan, Tygran"]
[Result "1/2-1/2"]
[WhiteElo "2435"]
[BlackElo "2178"]
[PlyCount "84"]
[EventDate "2018.08.01"]
[EventType "swiss"]
[EventRounds "9"]
[EventCountry "POL"]
[SourceTitle "CBM 185 Extra"]
[Source "ChessBase"]
[SourceDate "2018.07.29"]
[SourceVersion "1"]
[SourceVersionDate "2018.07.29"]
[SourceQuality "1"]

1. e4 c6 2. d4 d5 3. Nc3 dxe4 4. Nxe4 Nd7 5. Bd3 Ngf6 6. Ng5 e6 7. Qe2 Bd6 8. N1f3 h6 9. Ne4 Nxe4 10. Qxe4 Nf6 11. Qe2 Qc7 12. Bd2 b6 13. c4 a5 14. 0-0 Bb7 15. Bc3 0-0 16. b3 Rfe8 17. Rad1 Rad8 18. Bb1 c5 19. dxc5 Bxc5 20. Ne5 Rxd1 21. Rxd1 Rd8 22. Rxd8+ Qxd8 23. Qd3 Qc7 24. Qe2 Qd8 25. Kf1 Kf8 26. Qd3 Qxd3+ 27. Nxd3 Bd6 28. c5 bxc5 29. Bxa5 Be4 30. f3 Bd5 31. Kf2 c4 32. bxc4 Bxc4 33. h3 Nd5 34. Bd2 Ke7 35. Nb2 Bc5+ 36. Ke1 Ba6 37. Bd3 Bb7 38. a4 Ne3 39. Bxe3 Bxe3 40. Bb5 Bd5 41. Nc4 Bxc4 42. Bxc4 f6 1/2-1/2